| 000 | 00330nam a2200133 i 4500 | ||
|---|---|---|---|
| 001 | bg | ||
| 100 | 1 | _aJarmark, Stanisław. | |
| 245 | 0 |
_aKomputery w dydaktyce szkoły wyższej / _cStanisław Jarmark. |
|
| 260 |
_aWarszawa, _c1979. |
||
| 040 | _cBPK | ||
| 041 | _apol | ||
| 942 | _cKS | ||
| 008 | s pl f |000 0 pol | ||
| 999 |
_c21409 _d21409 |
||
| 856 |
_uhttp://koha.tu.koszalin.pl/cgi-bin/koha/opac-detail.pl?biblionumber=21409 _yKatalog online BPK |
||